Nghiên cứu chiết tách hợp chất Polyphenol từ cây chè, cây đước và ứng dụng làm chất ức chế thân thiện môi trường trong chống ăn mòn kim loại
Đã lưu trong:
| 主要作者: | |
|---|---|
| 格式: | 圖書 |
| 出版: |
2009
|
| 標簽: |
添加標簽
沒有標簽, 成為第一個標記此記錄!
|
| Thư viện lưu trữ: | Mạng thư viện Đại học Đà Nẵng |
|---|
| LEADER | 00806nam a2200229 4500 | ||
|---|---|---|---|
| 001 | 000020543 | ||
| 003 | 16989 | ||
| 005 | 20150323080324.0 | ||
| 008 | 150323s2009 sd | ||
| 100 | 1 | |a Lê Tự Hải |c PGS.TS |e Chủ nhiệm đề tài | |
| 245 | 1 | 0 | |a Nghiên cứu chiết tách hợp chất Polyphenol từ cây chè, cây đước và ứng dụng làm chất ức chế thân thiện môi trường trong chống ăn mòn kim loại |c Lê Tự Hải |
| 260 | |c 2009 | ||
| 500 | |a Đề tài NCKH cấp Bộ . Mã số : B2009-03-42 | ||
| OWN | |a LSP | ||
| 999 | |a From the UDN01 | ||
| TYP | |a Mixed Materials | ||
| TYP | |a Monograph | ||
| TYP | |a Printed language | ||
| 980 | |a Mạng thư viện Đại học Đà Nẵng | ||